00467 2200157 4500001002100000005001500021035002000036245010600056100001900162300002800181260004400209082000800253084001400261020002200275990001200297INLIS00000000000255820250605104649 a0010-06250001441 aAyo Merawat Indonesia :bPanduan Nilai - Nilai Toleransi dan Kebinekaan Untuk Siswa /cYugha Erlangga0 aYugha Erlangga a116 hlm ;c15,5 x 23 cm aJakarta :bEsensi Erlangga Group,c2017 a000 a000 YUG a a978-602-6847-33-1 a0754882